MARC

LEADER 00000nam0a2200000 4500
001 251157
005 20231101232630.0
035 |a (RuTPU)RU\TPU\book\273422 
090 |a 251157 
100 |a 20140219d1961 m y0rusy50 ca 
101 0 |a rus 
102 |a RU 
105 |a a j 001zy 
200 1 |a Основы радиолокации  |e учебник для вузов  |f А. Г. Сайбель 
210 |a Москва  |c Советское радио  |d 1961 
215 |a 384 с.  |c ил. 
320 |a Библиогр.: с. 381-382. 
606 1 |a Радиолокация  |2 stltpush  |3 (RuTPU)RU\TPU\subj\22835  |9 47522 
610 1 |a учебники 
610 1 |a радиодальнометрия 
610 1 |a радиопеленгование 
610 1 |a радиолокационные сигналы 
610 1 |a обнаружение 
610 1 |a движущие тела 
610 1 |a информация 
610 1 |a трансляция 
610 1 |a противорадиолокация 
675 |a 621.396:526.92(075.8)  |v 3 
700 1 |a Сайбель  |b А. Г.  |g Анатолий Георгиевич 
801 1 |a RU  |b 63413507  |c 20140219 
801 2 |a RU  |b 63413507  |c 20190130  |g RCR 
942 |c BK